000 00575nam a2200193 4500
003 SEACOMEC
005 20240403151913.0
008 231005b |||||||| |||| 00| 0 eng d
020 _cRs. 165.00
040 _aSEACOMEC
082 _a621.3
_bT549
100 1 _aThyagarajan, T.
245 1 _aFundamentals of Electrical and Electronics Engineering
_cT. Thyagarajan
250 _a4th Ed.
260 _aChennai
_bScitech
_c2004
650 _aApplied Physics
650 _aElectrical, magnetic, optical, communications, computer engineering; electronics, lighting
942 _cBOOK
999 _c96
_d96